Lúštenie bigramovej substitúcie

Na minha lista:
Detalhes bibliográficos
Autor principal: Sovič, Tomáš (Author)
Outros Autores: Antal, Eugen (Thesis advisor)
Formato: Manuscrito Livro
Idioma:eslovaco
Publicado em: 2018
Assuntos:
Acesso em linha:http://is.stuba.sk/zp/portal_zp.pl?podrobnosti=137543
Tags: Adicionar Tag
Sem tags, seja o primeiro a adicionar uma tag!

MARC

LEADER 00000ntm a22000003a 4500
001 stuzp66506
003 SK-STU
005 20181207094837.5
007 ta
008 150427s2015----xo-----f-mn---000-0-slo-d
040 |a STU  |b slo 
041 0 |a slo 
044 |a xo 
100 1 |a Sovič, Tomáš  |u 035000  |4 aut  |U FEI Fakulta elektrotechniky a informatiky  |T FEI Ústav informatiky a matematiky  |X 72922  |U E050  |Y 816  |7 72922 
242 0 1 |a Solving a bigram substitution  |y eng 
245 1 0 |a Lúštenie bigramovej substitúcie 
260 |c 2018 
300 |a 58 s., príl., CD-ROM 
650 4 |a language analysis  |2 eng 
650 4 |a meta-heuristics  |2 eng 
650 4 |a bigram substitution  |2 eng 
650 4 |a analýza jazyka  |2 slo 
650 4 |a meta-heuristika  |2 slo 
650 4 |a bigramová substitúcia  |2 slo 
700 1 |a Antal, Eugen  |u 035000  |k Z1  |4 ths  |U FEI Fakulta elektrotechniky a informatiky  |T FEI Ústav informatiky a matematiky  |X 36087  |U E050  |Y 816  |7 A000036087 
856 4 |u http://is.stuba.sk/zp/portal_zp.pl?podrobnosti=137543 
996 |b 284EP12046  |c E*DIPL- 12046  |l EE35  |s P  |a 0  |w stuzp66506_0001